Nguyên lý máy T.2
Một số khái niệm và những vấn đề về giảm chấn cho hệ dao động xoắn có nhiều bậc tự do, cân bằng mục mềm, chống rung và cấu trúc rôbốt
Сохранить в:
| Главный автор: | |
|---|---|
| Другие авторы: | |
| Формат: | |
| Язык: | Undetermined |
| Опубликовано: |
H.
Giáo dục
2009
|
| Предметы: | |
| Online-ссылка: | http://lrc.tdmu.edu.vn/opac/search/detail.asp?aID=2&ID=7740 |
| Метки: |
Добавить метку
Нет меток, Требуется 1-ая метка записи!
|
| Thư viện lưu trữ: | Trung tâm Học liệu Trường Đại học Thủ Dầu Một |
|---|
| LEADER | 00935nam a2200229Ia 4500 | ||
|---|---|---|---|
| 001 | TDMU_7740 | ||
| 008 | 210410s9999 xx 000 0 und d | ||
| 082 | |a 621.8 | ||
| 090 | |b Đ312 | ||
| 100 | |a Đinh, Gia Tường | ||
| 245 | 0 | |a Nguyên lý máy | |
| 245 | 0 | |c Đinh Gia Tường, Phan Văn Đồng, Tạ Khánh Lâm | |
| 245 | 0 | |n T.2 | |
| 260 | |a H. | ||
| 260 | |b Giáo dục | ||
| 260 | |c 2009 | ||
| 300 | |a 335tr | ||
| 520 | |a Một số khái niệm và những vấn đề về giảm chấn cho hệ dao động xoắn có nhiều bậc tự do, cân bằng mục mềm, chống rung và cấu trúc rôbốt | ||
| 650 | |a Chế tạo máy; Nguyên lý máy |v Giáo trình | ||
| 700 | |a Phan, Văn Đồng | ||
| 856 | |u http://lrc.tdmu.edu.vn/opac/search/detail.asp?aID=2&ID=7740 | ||
| 980 | |a Trung tâm Học liệu Trường Đại học Thủ Dầu Một | ||